Fourier transforms.

Guardado en:
Autor Principal: Goldberg, Richard R.
Formato: Libro
Idioma:English
Publicado: Cambridge [Eng.] : University Press, 1961
Series:Cambridge tracts in mathematics and mathematical physics ; no. 52.
Materias:
Etiquetas: Agregar Etiqueta
Sin Etiquetas, Sea el primero en etiquetar este registro!
LEADER 00743nam a22002171a 4500
001 MAT.inmabb005613
008 840619s1961####enk######b####000#0#eng##
005 20130410131221.0
245 0 0 |a Fourier transforms. 
260 |a Cambridge [Eng.] :  |b University Press,  |c 1961  |g (impresión de 1965) 
300 |a 76 p. ;  |c 23 cm. 
490 1 |a Cambridge tracts in mathematics and mathematical physics ;  |v no. 52 
504 |a Includes bibliography. 
510 4 |a MR,  |c 22 #11254 
100 1 |a Goldberg, Richard R. 
830 0 |a Cambridge tracts in mathematics and mathematical physics ;  |v no. 52. 
650 0 |a Fourier transformations. 
084 |a 42  |2 msc2000 
010 |a  61002050  
040 |a DLC/ICU  |c ICU  |d DLC 
859 |h 42  |i G618  |p A-2854  |b BIB. MATEMATICA